Statistiques concernant Paroles Fan- Pascal Obispo

Cliquez ici pour prendre le quiz!

Statistiques générales

  • Ce quiz a été pris 84 fois
  • Le résultat moyen est 211 sur 251

Statistiques - réponses

Réponse% Correct
de
100%
fan
100%
je
100%
Je
100%
C'est
99%
d'être
99%
Ma
99%
Si
97%
si
97%
à
96%
A
96%
des
96%
su
96%
vie
96%
Et
93%
et
93%
j'existe
93%
J'existe
93%
suis
93%
dire
91%
le
91%
en
90%
En
90%
qui
88%
Qui
88%
ta
88%
ai
86%
J'en
86%
me
86%
peut
84%
Que
83%
que
83%
un
83%
Mais
81%
te
81%
voir
81%
t'aime
80%
la
77%
nuit
77%
Pour
77%
pour
77%
Tout
77%
donc
75%
J'ai
75%
jour
75%
pas
75%
France
74%
lettres
74%
connu
72%
n'ai
72%
vous
72%
concerts
71%
galères
70%
Marylou
70%
part
70%
silence
70%
connaître
68%
apparaître
67%
posters
67%
sur
67%
geste
65%
simplement
65%
une
65%
rêvant
64%
croire
62%
être
62%
kilomètres
62%
Sans
62%
seul
62%
vécu
62%
voulais
62%
attendant
61%
fait
61%
sous
59%
répit
58%
signe
58%
l'écrire
55%
Mettre
55%
nom
55%
suivi
55%
visage
55%
solitaire
54%
trains
52%
hôtels
51%
Pris
51%
grillage
48%
Derrière
46%
avant
45%
refait
45%
vitre
45%
retenir
43%
chose
42%
existe
42%
J'inventais
41%
Quelque
41%
t'enfuir
36%
Faire
35%
Qu'il
32%
comprendre
28%

Distribution des résultats

Percentile par nombre de réponses

% des personnes avec chaque résultat

Votre développement - résultats

Vous n’avez pas pris ce quiz